000 00318 a2200133 4500
999 _c324867
_d324867
001 89794
003 NUST
082 _a813.54 GRI
100 _aGrisham John
_99825
245 _aplaying for pizza
_cJohn Grisham
260 _aLondon
_bArrow Books
_c2007
300 _avi, 329p.
500 _aGeneral Books
942 _aCAE NUST
_cBK
_k813.54 GRI
_2ddc